Paesi più vicini alla Colombia - Morte improvvisa - Statistics

Statistiche generali
  • Questo quiz è stato fatto 32 volte
  • Il punteggio medio è 3 su 15
Answers on the Grid
Answers color-coded by a green-red scale on the quiz's grid according to % correct below.
Panama
Venezuela
Brasile
Perù
Ecuador
Costa Rica
Repubblica Dominicana
Haiti
Guyana
Nicaragua
Trinidad e Tobago
Giamaica
Cuba
Grenada
Honduras
Saint Lucia
Dominica
Barbados
Saint Kitts e Nevis
Antigua e Barbuda
El Salvador
Guatemala
Messico
Stati Uniti
Bolivia
Paraguay
Cile
Argentina
Uruguay
Bahamas
 
Statistiche sulle risposte
Risposta % Corretto
Venezuela
75%
Ecuador
56%
Brasile
44%
Perù
38%
Guyana
31%
Costa Rica
25%
Panama
19%
Trinidad e Tobago
19%
Grenada
13%
Haiti
6%
Honduras
6%
Nicaragua
6%
Cuba
0%
Giamaica
0%
Repubblica Dominicana
0%
Nessun quiz corrispondente trovato
Distribuzione punteggi
Percentuale di utenti per punteggio
Percentile per numero di risposta
I tuoi punteggi nel tempo
Non hai fatto questo quiz